000 00689nam a2200241Ia 4500
003 OSt
005 20220918230945.0
006 a|||||r|||| 00| 0
007 ta
008 220917b |||||||| |||| 00| 0 eng d
024 _a261,785
037 _cTextual
040 _aARTS
_cARTS
_beng
041 _2eng
_aeng
082 _aY17z7, k41
100 _aGluckman Max Ed.
_9136781
245 0 _aClosed systems and open minds
_b the limits of naivety in social anthropology
260 _aChicago
_bAldine publishing Company
_c1964
300 _ax,274p.
_ccm.
650 _aSOCIOLOGY
942 _hY17z7, k41
_cTEXL
_2CC
999 _c289390
_d289390